El gobierno municipal / (Record no. 46746)

MARC details
000 -LEADER
campo de control de longitud fija 00537nam a2200169 i 4500
001 - NÚMERO DE CONTROL
campo de control 46746
003 - IDENTIFICADOR DE NÚMERO DE CONTROL
campo de control ES-MaACL
005 - FECHA Y HORA DE LA ÚLTIMA TRANSACCIÓN
campo de control 20230906161436.0
007 - CAMPO FIJO DE DESCRIPCIÓN FÍSICA--INFORMACIÓN GENERAL
campo de control de longitud fija t|
008 - DATOS DE LONGITUD FIJA--INFORMACIÓN GENERAL
campo de control de longitud fija 030331s1919 xxu ||||1| spa d
100 1# - ENTRADA PRINCIPAL--NOMBRE DE PERSONA
Nombre de persona Conkling, Alfred R.
9 (RLIN) 40193
245 13 - MENCIÓN DEL TÍTULO
Título El gobierno municipal /
Mención de responsabilidad, etc. por Alfred R. Conkling ; traducido al español por Francisco Carrera y Justiz.
260 ## - PUBLICACIÓN, DISTRIBUCIÓN, ETC.
Lugar de publicación, distribución, etc. New York :
Nombre del editor, distribuidor, etc. D. Appleton and Company,
Fecha de publicación, distribución, etc. 1919.
300 ## - DESCRIPCIÓN FÍSICA
Extensión 244 p. ;
Dimensiones 19 cm.
700 1# - ENTRADA AGREGADA--NOMBRE PERSONAL
Nombre de persona Carrera y Justiz, Francisco.
9 (RLIN) 35647
852 ## - LOCALIZACIÓN
Ubicación ES-MaACL
Número de control de estantería F-10097
Holdings
Estatus retirado Estado de pérdida Estado de daño No para préstamo Biblioteca de origen Biblioteca actual Ubicación en estantería Fecha de adquisición Fuente de adquisición Total de préstamos Signatura topográfica completa Código de barras Visto por última vez Precio de reemplazo Tipo de ítem Koha
        Biblioteca del Ateneo de Madrid Biblioteca del Ateneo de Madrid Sala Pecera Planta 2 17/01/2008     F-10097 1049167 23/02/2023 23/02/2023 Libro impreso